El mundo pintoresco (Record no. 1504)

MARC details
000 -LEADER
campo de control de longitud fija 01065nas a2200301 i 4500
001 - NÚMERO DE CONTROL
campo de control 1504
003 - IDENTIFICADOR DE NÚMERO DE CONTROL
campo de control ES-MaACL
005 - FECHA Y HORA DE LA ÚLTIMA TRANSACCIÓN
campo de control 20250724062544.0
007 - CAMPO FIJO DE DESCRIPCIÓN FÍSICA--INFORMACIÓN GENERAL
campo de control de longitud fija t|
008 - DATOS DE LONGITUD FIJA--INFORMACIÓN GENERAL
campo de control de longitud fija 950801d18581860sp w| ne | ||pa d
022 ## - NÚMERO INTERNACIONAL NORMALIZADO PARA PUBLICACIONES SERIADAS
Número Internacional Normalizado para Publicaciones Seriadas 1886-886X
080 ## - NÚMERO DE LA CLASIFICACIÓN DECIMAL UNIVERSAL
Número de la Clasificación Decimal Universal (460)
080 ## - NÚMERO DE LA CLASIFICACIÓN DECIMAL UNIVERSAL
Número de la Clasificación Decimal Universal 008
245 03 - MENCIÓN DEL TÍTULO
Título El mundo pintoresco
Resto del título : periódico semanal : literatura, ciencias, artes, biografías, música, teatros, modas y toros.
246 33 - FORMA VARIANTE DEL TITULO
Título propio/Titulo breve El mundo pintoresco, ilustración española
260 ## - PUBLICACIÓN, DISTRIBUCIÓN, ETC.
Lugar de publicación, distribución, etc. Madrid :
Nombre del editor, distribuidor, etc. Juan José Martínez,
Fecha de publicación, distribución, etc. 1858-1860.
300 ## - DESCRIPCIÓN FÍSICA
Extensión v. :
Otras características físicas il., grab. ;
Dimensiones 38 cm.
310 ## - PERIODICIDAD ACTUAL
Periodicidad actual Semanal
362 0# - FECHAS DE PUBLICACIÓN Y/O DESIGNACIÓN SECUENCIAL
Fecha de publicación y/o designación secuencial N. 1 (11 abril 1858)-año 3, n. 53 (30 dic. 1860)
530 ## - NOTA DISPONIBLE DE FORMULARIO FÍSICO ADICIONAL
Nota de formato físico adicional disponible Disponible en formato digital.
650 14 - PUNTO DE ACCESO ADICIONAL DE MATERIA--TÉRMINO DE MATERIA
Término de materia o nombre geográfico como elemento de entrada Revistas de información general.
9 (RLIN) 16896
650 #7 - PUNTO DE ACCESO ADICIONAL DE MATERIA--TÉRMINO DE MATERIA
Término de materia o nombre geográfico como elemento de entrada Cultura
Fuente del encabezamiento o término embne
9 (RLIN) 170963
785 04 - ENTRADA/ENLACE A UN TÍTULO POSTERIOR
Encabezamiento principal Mundo militar, ISSN 1886-8053
852 ## - LOCALIZACIÓN
Ubicación ES-MaACL
Número de control de estantería R-2937-38 Olim: Hem:771
856 ## - LOCALIZACIÓN Y ACCESO ELECTRÓNICOS
Identificador Uniforme de Recursos <a href="http://hemerotecadigital.bne.es/details.vm?o=&w=1886-886X&f=issn&l=500">http://hemerotecadigital.bne.es/details.vm?o=&w=1886-886X&f=issn&l=500</a>
Nota pública Hemeroteca Digital
-- (1858-1860)
866 #0 - MENCIÓN TEXTUAL DE FONDOS--UNIDAD BIBLIOGRÁFICA BÁSICA
Fondos 1859-60
Holdings
Estatus retirado Estado de pérdida Estado de daño No para préstamo Colección Biblioteca de origen Biblioteca actual Ubicación en estantería Fecha de adquisición Fuente de adquisición Total de préstamos Signatura topográfica completa Código de barras Visto por última vez Precio de reemplazo Tipo de ítem Koha
        Colección digital Biblioteca del Ateneo de Madrid Biblioteca del Ateneo de Madrid Depósito 17/01/2008     R-2937-38 1001535 23/02/2023 23/02/2023 Revista